| 000 | 00989naa a2200265 c 4500 | ||
|---|---|---|---|
| 001 | 37566 | ||
| 003 | ES-MaCES | ||
| 005 | 20150317143624.0 | ||
| 008 | 070209n2006 sp t ||0 | spa d | ||
| 035 | _aCES20070000831v | ||
| 040 |
_aES-MaCES _bspa _cES-MaCES |
||
| 100 | 1 |
_918032 _aMartín Valverde, Antonio |
|
| 245 | 1 | 3 |
_aLa Ley de Protección Integral contra la Violencia de Género _b: análisis jurídico e ideológico _cAntonio Martín Valverde |
| 500 | _aResumen | ||
| 610 | 1 | 4 |
_aEspaña _tLey orgánica de medidas de protección integral contra la violencia de género _d2004 _93172 |
| 650 | 4 |
_aprotección social _929076 |
|
| 650 | 4 |
_aagresión _927301 |
|
| 650 | 4 |
_aviolencia _929388 |
|
| 650 | 4 |
_amujeres _928657 |
|
| 653 | 1 | 0 | _aMujer |
| 773 | 0 |
_tRelaciones laborales _gaño 22, n. 22 (23 nov. 2006){10194 R. 066377}; p. 13-46 _w(ES-MaCES)25210 _943020 |
|
| 902 | _aART Artículo de revista | ||
| 942 |
_2CES _cAR _h3.3. |
||
| 999 |
_c37566 _d37566 |
||